书目信息 |
| 题名: |
台下人语
|
|
| 作者: | 吴小如 著 | |
| 分册: | ||
| 出版信息: | 北京 中国戏剧出版社 1982 |
|
| 页数: | 241页 | |
| 开本: | 19cm | |
| 丛书名: | ||
| 单 册: | ||
| 中图分类: | J805.2 | |
| 科图分类: | ||
| 主题词: | 戏剧-艺术评论--中国 , 艺术评论-戏剧--中国 | |
| 电子资源: | ||
| ISBN: | ||
| 000 | 00624nam0 2200241 45 | |
| 001 | 0182007269 | |
| 005 | 20060914083335.48 | |
| 010 | @dCNY0.73 | |
| 091 | @aCN@b8069.183 | |
| 100 | @a19950413d1982 em y0chiy0121 ea | |
| 101 | 0 | @achi |
| 102 | @aCN@b110000 | |
| 105 | @ay z 000yy | |
| 200 | 10 | @a台下人语@Atai xia ren yu@f吴小如著 |
| 210 | @a北京@c中国戏剧出版社@d1982 | |
| 215 | @a241页@d19cm | |
| 606 | @a戏剧-艺术评论@y中国 | |
| 606 | @a艺术评论-戏剧@y中国 | |
| 690 | @aJ805.2@v3 | |
| 701 | 0 | @a吴小如@Awu xiao ru@4著 |
| 801 | 0 | @aCN@bTSSF@c20060914 |
| 801 | 2 | @aCN@bNLC@c20060912 |
| 905 | @a10447@dJ805.2@e78 | |
| 台下人语/吴小如著.-北京:中国戏剧出版社,1982 |
| 241页;19cm |
| ISBN :CNY0.73 |
| ● |
| 相关链接 |
|
|
|
|
正题名:台下人语
索取号:J805.2/78
 
预约/预借
| 序号 | 登录号 | 条形码 | 馆藏地/架位号 | 状态 | 备注 |
| 1 | 0472184 | 204721845 | 密集书库/ [索取号:J805.2/78] | 在馆 | |
| 2 | 0473296 | 204732968 | 密集书库/ [索取号:J805.2/78] | 在馆 |